| 000 | 00684nam a2200253 ar4500 | ||
|---|---|---|---|
| 001 | 3721 | ||
| 003 | OSt | ||
| 005 | 20250101073727.0 | ||
| 008 | 250101s xxu a 00110 eng d | ||
| 020 | _a9781292059426 | ||
| 040 | _c. | ||
| 082 | 0 | 4 |
_a658.1511 B738 2015 _2Fourth Edition |
| 100 | 1 | _aBraun, Karen Wilken. | |
| 245 | 1 | 0 |
_aManagerial accounting / _cKaren Braun, Wendy Tietz. |
| 250 | _a4rd ed. | ||
| 260 |
_aBoston, Mass. : _bPearson, _c2015. |
||
| 300 |
_a943 p _c28 cm. |
||
| 500 | _aIncludes index. | ||
| 650 | 4 | _aManagerial accounting. | |
| 650 | 4 | _aCost accounting. | |
| 650 | 4 | _aBusiness planning. | |
| 700 | 0 |
_aTietz, Wendy M., _ejt. auth. |
|
| 942 |
_2ddc _cBK-EN |
||
| 999 |
_c7571 _d7571 |
||